'The' Movies by Poster II Quiz Stats

 Plays Quiz Updated Oct 26, 2014

Challenge
Share
Tweet
Score 0/24 Timer 06:00
0 Plays Today
Hint Movie % Correct
The Lion King
96.6%
The Matrix
95.2%
The Mask
94.5%
The Godfather
94.4%
The Shining
92.5%
The Simpsons Movie
90.1%
The Avengers
89.6%
The Silence of the Lambs
87.5%
The Social Network
82.5%
The Karate Kid
81.8%
The 40-Year Old Virgin
80.9%
The Pianist
72%
Hint Movie % Correct
The Mummy
71.9%
The Ring
70.5%
The Birds
70.1%
The Hobbit
68.9%
The Day After Tomorrow
65%
The Good, the Bad and the Ugly
60.2%
The Goonies
56.6%
The Terminal
53.3%
The Last Samurai
45.8%
The Blair Witch Project
41.1%
The Hitchhiker's Guide to the Galaxy
22.6%
The Village
21.1%

You're not logged in!

Compare scores with friends on all Sporcle quizzes.
OR
Log In

You Might Also Like...

Show Comments

Extras

Top Quizzes Today


Score Distribution

Your Account Isn't Verified!

In order to create a playlist on Sporcle, you need to verify the email address you used during registration. Go to your Sporcle Settings to finish the process.

Report this User

Report this user for behavior that violates our Community Guidelines.

Details: